000 00772cam a22002653a 4500
001 20382
003 PGUSA
005 20140828083430.0
008 070116s2007||||xxu|||||s|||||000 | eng d
040 _aPGUSA
_beng
042 _adc
050 4 _aF786
100 1 _aCarson, Thomas
245 1 0 _aRanching, Sport and Travel
_h[electronic resource] /
_cThomas Carson
260 _bProject Gutenberg,
_c2007
506 _aPublic domain in the USA.
516 _aElectronic text
653 _aTexas -- Description and travel
653 _aNew Mexico -- Description and travel
653 _aVoyages and travels
653 _aArizona -- Description and travel
830 0 _aProject Gutenberg
_v20382
856 4 0 _uhttp://www.gutenberg.org/ebooks/20382
942 _cEB
999 _c249637
_d249637